000 01798cam a22004097a 4500
999 _c529754
_d529754
001 12848135
003 NUST
005 20191003094434.0
008 020709s2002 dcuad bt 000 0 eng d
010 _a 2002109707
020 _a0309069203
035 _a(DLC)12848135
038 _aMSOHAIL
040 _aCBT
_cCBT
_dPU
_dDLC
042 _alccopycat
043 _an-us---
050 0 0 _aTE213
_b.W93 2002
082 0 0 _a625.73420288
_222
100 1 _aWyant, David C.
_922474
245 1 0 _aAssessment and rehabilitation of existing culverts :
_ba synthesis of highway practice /
_cconsultant, David C. Wyant.
260 _aWashington, D.C. :
_bTransportation Research Board,
_c2002.
300 _a74 p. :
_bill., charts ;
_c28 cm.
490 1 _aNCHRP synthesis,
_x0547-5570 ;
_v303
500 _aAt head of title: National Cooperative Highway Research Program.
500 _a"Research sponsored by the American Association of State Highway and Transportation Officials in cooperation with the Federal Highway Administration."
504 _aIncludes bibliographical references (p. 36-37).
650 0 _aCulverts
_zUnited States
_xMaintenance and repair.
_922475
710 2 _aNational Cooperative Highway Research Program.
_920864
710 2 _aNational Research Council (U.S.).
_bTransportation Research Board.
_922476
710 2 _aAmerican Association of State Highway and Transportation Officials.
_919553
710 1 _aUnited States.
_bFederal Highway Administration.
_920149
830 0 _aSynthesis of highway practice ;
_v303.
_922477
906 _a7
_bcbc
_ccopycat
_d3
_encip
_f20
_gy-gencatlg
942 _2ddc
_cBK